| 000 | 00898cam a2200277 i 4500 | ||
|---|---|---|---|
| 001 | 4375 | ||
| 005 | 20240816102644.0 | ||
| 020 | _a0307118274 | ||
| 040 |
_aDLC _cDLC _dDLC _beng |
||
| 050 | 0 | 0 | _aPZ7.S327 |
| 082 | 0 | 0 | _a428 |
| 100 | 1 | _aScarry, Richard | |
| 245 | 1 | 0 |
_aShort and tall / _cillustrations by Richard Scarry |
| 260 |
_aNew York : _bGolden Press, _c1976 |
||
| 300 |
_a24 unnumbered pages : _bcolor illustrations ; _c22 cm. |
||
| 490 | 0 | _aA Golden look-look book | |
| 505 | _aK | ||
| 520 | _aDrawings of animals engaged in various activities illustrate antonyms of descriptive words such as cold and hot, colors, and shapes. | ||
| 521 |
_a510
_bLexile estimate |
||
| 521 |
_aK
_bRaz-Plus |
||
| 650 | 1 |
_aEnglish language _xSynonyms and antonyms |
|
| 650 | 1 | _aShape | |
| 650 | 1 | _aColor. | |
| 906 |
_a7 _bcbc _corignew _d2 _eocip _f19 _gy-gencatlg |
||
| 942 |
_2ddc _cBK _n0 |
||
| 999 |
_c4375 _d4375 |
||